Extraits des dispositions législatives et réglementaires sur l'enseignement supérieur et la collation des grades académiques / (Record no. 183615)
[ view plain ]
| 000 -LEADER | |
|---|---|
| campo de control de longitud fija | 00525nam a2200145 i 4500 |
| 001 - NÚMERO DE CONTROL | |
| campo de control | 183615 |
| 003 - IDENTIFICADOR DE NÚMERO DE CONTROL | |
| campo de control | ES-MaACL |
| 005 - FECHA Y HORA DE LA ÚLTIMA TRANSACCIÓN | |
| campo de control | 20230906221930.0 |
| 008 - DATOS DE LONGITUD FIJA--INFORMACIÓN GENERAL | |
| campo de control de longitud fija | 140904s1900 be |||| | fre d |
| 110 2# - ENTRADA PRINCIPAL--NOMBRE DE ENTIDAD CORPORATIVA | |
| Nombre de entidad corporativa o nombre de jurisdicción como elemento de entrada | Université de Liège. |
| 9 (RLIN) | 155382 |
| 245 10 - MENCIÓN DEL TÍTULO | |
| Título | Extraits des dispositions législatives et réglementaires sur l'enseignement supérieur et la collation des grades académiques / |
| Mención de responsabilidad, etc. | Université de Liège. |
| 260 ## - PUBLICACIÓN, DISTRIBUCIÓN, ETC. | |
| Lugar de publicación, distribución, etc. | Liège : |
| Nombre del editor, distribuidor, etc. | [s.n.], |
| Fecha de publicación, distribución, etc. | 1900. |
| 650 #4 - PUNTO DE ACCESO ADICIONAL DE MATERIA--TÉRMINO DE MATERIA | |
| Término de materia o nombre geográfico como elemento de entrada | Enseñanza- |
| Subdivisión geográfica | Bélgica. |
| 9 (RLIN) | 151757 |
| 852 ## - LOCALIZACIÓN | |
| Ubicación | ES-MaACL |
| Número de control de estantería | T-1060-F-6 |
| Estatus retirado | Estado de pérdida | Estado de daño | No para préstamo | Colección | Biblioteca de origen | Biblioteca actual | Ubicación en estantería | Fecha de adquisición | Fuente de adquisición | Total de préstamos | Signatura topográfica completa | Código de barras | Visto por última vez | Precio de reemplazo | Tipo de ítem Koha |
|---|---|---|---|---|---|---|---|---|---|---|---|---|---|---|---|
| Colección de folletos | Biblioteca del Ateneo de Madrid | Biblioteca del Ateneo de Madrid | Depósito folletos | 04/09/2014 | T-1060-F-6 | 1193023 | 23/02/2023 | 23/02/2023 | Folleto |
